000 004810000a22001930004500
001 004679
003 MACL
005 20151013133042.0
008 151013b xxu||||| |||| 00| 0 eng d
040 _aMACL
_cMACL
041 _aEnglish
082 _a920/DHA
100 _aDhamija, Jasleen
_914592
245 _aKamaladevi Chattopadhyay
_cJasleen Dhamija
260 _aNew Delhi
_c2007
_bNational Book Trust,
350 _a50
650 _aBiography
_914593
942 _k920
_cBK
_2ddc
999 _c16566
_d16566